Zobrazenie činnosti programu
Gespeichert in:
| 1. Verfasser: | |
|---|---|
| Format: | Artikel |
| Sprache: | Slowakisch |
| Tags: |
Keine Tags, Fügen Sie das erste Tag hinzu!
|
MARC
| LEADER | 00000naa a22000003a 4500 | ||
|---|---|---|---|
| 001 | stu100725 | ||
| 005 | 20220321183938.1 | ||
| 008 | 051223s----------------------------slo-d | ||
| 040 | |a STU |b slo | ||
| 041 | 0 | |a slo | |
| 100 | 1 | |a Parízková, Jana, |d 1951- |4 aut |u I300 |U FIIT Fakulta informatiky a informačných technológií |T FIIT Ústav aplikovanej informatiky |X 2080 |U I300 |Y 180 |7 A000002080 | |
| 245 | 1 | |a Zobrazenie činnosti programu | |
| 773 | 0 | |t Informatika v škole. č. 28, 2004 |w stu_us_cat*stu100342 |g s.19-24 | |
| 996 | |c PAR |l I |s P |a 0 |w stu100725_0001 | ||